000 00775nam a2200205 i 4500
001 122974
003 ES-MaACL
005 20250729014320.0
007 t|
008 070214s1949 sp r ||||0| spa d
245 0 3 _aLa propiedad intelectual /
_ccompilación y comentarios de las disposiciones legales por Juan Giménez Bayo y Lino Rodríguez-Arias Bustamante ; prólogo del Doctor Rodolfo Reyes.
260 _aMadrid :
_bInstituto Editorial Reus,
_c1949.
300 _a375 p ;
_c23 cm.
650 0 4 _aPropiedad intelectual-
_zEspaña
_916489
700 1 _aGiménez Bayo, Juan.
_957034
700 1 _aRodríguez-Arias Bustamante, Lino.
_998352
700 1 _aReyes, Rodolfo,
_d1878-1954
_996574
852 _aES-MaACL
_jB-6552
_bR.29740
999 _c122974
_d122974